| 000 | 01261cam a22002894a 4500 | ||
|---|---|---|---|
| 999 |
_c27845 _d27845 |
||
| 001 | 12364704 | ||
| 005 | 20170211090918.0 | ||
| 008 | 010330s2001 njua b 001 0 eng | ||
| 010 | _a 2001019804 | ||
| 020 | _a0813529905 (alk. paper) | ||
| 050 | 0 | 0 | _aNA5230.N5G74 2001 |
| 100 | 1 |
_aGreenagel, Frank L., _d1939- |
|
| 245 | 1 | 4 |
_aThe New Jersey churchscape : _bencountering eighteenth and nineteenth century churches / _cFrank L. Greenagel. |
| 260 |
_aNew Brunswick, N.J. : _bRutgers University Press, _cc2001. |
||
| 300 |
_axiv, 248 p. : _bill. ; _c26 cm. |
||
| 504 | _aIncludes bibliographical references (p. 235-240) and index. | ||
| 650 | 0 |
_aChurch buildings _zNew Jersey. |
|
| 650 | 0 |
_aChurch architecture _zNew Jersey _y18th century. |
|
| 650 | 0 |
_aChurch architecture _zNew Jersey _y19th century. |
|
| 942 |
_2lcc _cBOOKS |
||